Saber hacer : matemática 3 es /
Guardado en:
| Autor Principal: | |
|---|---|
| Otros Autores: | , , , , |
| Formato: | Libro |
| Publicado: |
Buenos Aires :
Estrada,
2010
|
| Series: | Confluencias
|
| Materias: | |
| Etiquetas: |
Agregar Etiqueta
Sin Etiquetas, Sea el primero en etiquetar este registro!
|
| LEADER | 01098nam a22003015a 4500 | ||
|---|---|---|---|
| 001 | CEM.cems013499 | ||
| 005 | 20110303105610.0 | ||
| 008 | 130507s2010##################000#0#####d | ||
| 003 | CEMS | ||
| 020 | |a 9789500112499 | ||
| 082 | 0 | 4 | |a Z510 |
| 100 | 1 | |a Abdala, Carlos | |
| 245 | 1 | 0 | |a Saber hacer : |b matemática 3 es / |c Carlos Abdala ... [et Al.] |
| 260 | |a Buenos Aires : |b Estrada, |c 2010 | ||
| 300 | |a 32 p. | ||
| 490 | 0 | |a Confluencias | |
| 500 | |a Cuaderno de procedimientos | ||
| 505 | 0 | |a Trabajar con radicales -- Transformaciones en el plano y matrices -- Triángulos y proporciones -- Funciones y modelos matemáticos -- Planilla electrónica de cálculo -- Trabajar con ecuaciones -- Interpretación de gráficos y datos | |
| 653 | |a Matemática | ||
| 653 | |a Matemática-actividades | ||
| 653 | |a Matemática-3º esb | ||
| 653 | |a Matemática-9º egb | ||
| 700 | 1 | |a Chorny, Fernando | |
| 700 | 1 | |a Delupí, Gustavo | |
| 700 | 1 | |a Lanza, Pierina | |
| 700 | 1 | |a Machíunas, Ma. Valeria | |
| 700 | 1 | |a Salpeter, Claudio | |
| 859 | |a CEMS |b BIB. CEMS - 11 de abril |h Z510 |i Ab31-1 |p 26110.11 |t Ej.1 |v 3 |3 3 | ||
